00661nam a2200193Ia 4500001000700000003000500007008004100012010001100053040000900064100002800073245013500101260003900236300001000275502009200285650002600377650001800403650002700421650001900448Z_5896CHAP220113s2009 xx 000 0 und d a169105 cCHAP aRomán Romero,Elías. aEvaluación ultrasográfica de la dinámica folicular en Ovejas Criollas y Rideau en clima templado /cElías Román Romero. aChapingo,Méx. :bEl autor,c2009 a66 h. aTesis ( Maestro en Ciencias en Innovación Ganadera ).--UACH.Departamento de Zootecnia aDinámica folicular  aGanado ovino  aRazaxCriolla xRideau aReprodución